000 00296 a2200145 4500
001 169306
020 _a
040 _cMagnum
100 _aArendt, Hannah
240 1 0 _aA condicao humana
_lpor
245 1 0 _aA condicao humana
362 0 _a1899
697 _aORGANIZACAO SOCIAL
942 _cBK
999 _c169306
_d169306